| 000 | 00634nam a2200169 a 4500 | ||
|---|---|---|---|
| 001 | 000035687 | ||
| 005 | 20200930074530.0 | ||
| 008 | 111108s2009 dr 000 0 spa d | ||
| 040 |
_aDO-SdBNP _bspa _cBNPHU |
||
| 111 | 2 |
_aMomerias de la reunión regional de alto nivel _n(8 y 9 de junio _d2009 _cSanto Domingo ) _961614 |
|
| 245 | 1 | 3 |
_aLa enseñanza de la folosofía en América Latina y el Caribe / _cGrabiela Santoni. |
| 260 |
_aSanto Domingo : _bMediabyte, _c2009. |
||
| 300 |
_a143 p. ; _c21 cm. |
||
| 500 | _aIncluye referencias bibliográficas y notas al pie de las páginas | ||
| 700 | 1 | 2 |
_aSantoni, Grabiela _961615 |
| 049 | _aBNPD | ||
| 999 |
_c35178 _d35178 |
||